Online Catalogue and eLibrary

A first book in comprehension, precis and composition : (Record no. 3032)

MARC details
000 -LEADER
fixed length control field 00661nam a2200157Ia 4500
005 - DATE AND TIME OF LATEST TRANSACTION
control field 20240814022619.0
008 - FIXED-LENGTH DATA ELEMENTS--GENERAL INFORMATION
fixed length control field 240331s9999 xx 000 0 und d
020 ## - INTERNATIONAL STANDARD BOOK NUMBER
ISBN 0002070082
082 ## - DDC Classification
Item Number - Author Mark ALE
Class No. 407
100 ## - MAIN ENTRY--PERSONAL NAME
Personal name Alexander, L.G
245 #2 - TITLE STATEMENT
Title A first book in comprehension, precis and composition :
Remainder of title -
260 ## - PUBLICATION, DISTRIBUTION, ETC.
Place of publication, distribution, etc. Calcutta
Name of publisher, distributor, etc. Orient Longman Ltd
Date of publication, distribution, etc. 1965
300 ## - PHYSICAL DESCRIPTION
Extent (e.g. Volumes, Pages etc.) 121 p .,
500 ## - GENERAL NOTE
General note The Purpose of this book is to provide the immediately post elementary student with guidance in his first steps in comprehension, precis and composition. where English is taught as part of a general curriculum, this book may be begun after two years study.
942 ## - Koha item type (Biblio)
Koha item type Books in Stacks (Lending)
Holdings
Lost status Damaged status Collection code Home library Current library Shelving location Date acquired Full call number Accession Number Item type
    Lending WERC Library WERC Library Social Science Cupboard 03/31/2024 407 ALE 586 Books in Stacks (Lending)

© WERC Library